Statystyki dla David Guetta - Wszystkie piosenki

Kliknij tutaj aby rozwiązać quiz!

Ogólne statystyki

  • Ten quiz został rozwiązany 15 razy
  • Średni wynik to 9 z 153

Statystyki odpowiedzi

Tytuł piosenki% Poprawnych
Titanium
79%
Bad
43%
Memories
43%
Dangerous
36%
Say My Name
36%
Sexy Bitch
36%
Flames
29%
Hey Mama
29%
Like I Do
21%
Play Hard
21%
She Wolf
21%
Shot Me Down
21%
Stay
21%
This One's For You
21%
Turn Me On
21%
Who's That Chick
21%
Ain't A Party
14%
Complicated
14%
Gettin' Over
14%
Let's Love
14%
Lovers On The Sun
14%
So Far Away
14%
Sunshine
14%
What I Did For Love
14%
Where Them Girls At
14%
Would I Lie To You
14%
Yesterday
14%
133
7%
2U
7%
Baby When The Light
7%
Bang My Head
7%
Bed
7%
Better When You're Gone
7%
Big
7%
Blast Off
7%
Delirious
7%
Dirty Sexy Money
7%
Don't Leave Me Alone
7%
Dreams
7%
Drive
7%
Floating Though Space
7%
Goodbye
7%
Goodbye Friend
7%
Helium
7%
Hero
7%
I Can Only Imagine
7%
I Gotta Feeling
7%
Impossible
7%
Kill Me Slow
7%
Let It Be Me
7%
Little Bad Girl
7%
Love Don't Let Me Go
7%
Love Is Gone
7%
Mad Love
7%
Make It To Heaven
7%
Money
7%
Never Be Alone
7%
No Money No Love
7%
Stay (Don't Go Away)
7%
Sun Goes Down
7%
Sweat
7%
Time
7%
When Love Takes Over
7%
Without You
7%
World Is Mine
7%
Your Love
7%
ACDC
0%
Always
0%
Another Life
0%
Atomic Food
0%
Battle
0%
Blame It On Love
0%
Can You Feel The Change
0%
Choose
0%
Clap Your Hands
0%
Conversation in the Dark
0%
Crank It Up
0%
Detroit 3 AM
0%
Discortion
0%
Do Something Love
0%
Every Chance We Get We Run
0%
Everytime We Touch
0%
Get Together
0%
Get Up
0%
Give Me Something
0%
Glasgow
0%
Heartbreak Anthem
0%
Higher
0%
How Soon Is Now
0%
Ice Cold
0%
If We Ever
0%
If You Really Love Me
0%
I Just Wanna F
0%
I'll Keep Loving You
0%
I'm That Bitch
0%
In Love With Myself
0%
In My Head
0%
It's Allright
0%
It's the Way You Love Me
0%
I Wanna Go Crazy
0%
Jean on Arc
0%
Jump
0%
Just A Little More Love
0%
Just One Last Time
0%
Last Train
0%
Lately
0%
Lift Me Up
0%
Light Heahed
0%
Light My Body Up
0%
Listen
0%
Lunar
0%
Metro City
0%
Metropolis
0%
Missing You
0%
Motto
0%
Movement Girl
0%
Never Take Away My Freedom
0%
Night Of You Life
0%
Nothing Really Metters
0%
No Worries
0%
One Love
0%
On The Dancefloor
0%
Open Your Eyes
0%
Pa La Cultura
0%
Para Que Te Quades
0%
Paris
0%
People Come People Go
0%
Remember
0%
Repeat
0%
Ring the Alarm
0%
Rise
0%
Sexy 17
0%
Shed a Light
0%
She Knows How To Love Me
0%
Shine Your Light
0%
Sound Of Letting Go
0%
STOP
0%
The Alphabeat
0%
The Death Of EDM
0%
The Future
0%
The Whisperer
0%
Think for You
0%
This Ain't Techno
0%
This Is Not A Love Song
0%
Tommorow Can Wait
0%
Toyfriend
0%
Used To Be The One
0%
Versace on the Floor
0%
What The Fuck
0%
Wild One Two
0%
Winners of the Game
0%
You Are the music
0%
You're Not Alone
0%

Rozkład punktacji

Percentyl według liczby udzielonych odpowiedzi

Procent ludzi z każdym wynikiem

Twoja historia wyników

Nie rozwiązałeś tego quizu